| 000 | 00633nam a2200241Ia 4500 | ||
|---|---|---|---|
| 005 | 20260429112309.0 | ||
| 008 | 260429s9999||||xx |||||||||||||| ||und|| | ||
| 020 | _a9788119684748 | ||
| 041 | _aEnglish | ||
| 082 |
_a620.5 _bSHA |
||
| 100 | _aSharma, Dinesh Kumar | ||
| 245 | 0 |
_aNanotechnology / _cDinesh Kumar Sharma |
|
| 260 |
_aJaipur : _bBook Enclave, _c2025. |
||
| 300 | _avii, 243p.; hb | ||
| 650 | _a Applied physics | ||
| 650 | _a Materials science | ||
| 650 | _a Nanomaterials | ||
| 650 | _a Nanoscience | ||
| 650 | _aNanotechnology | ||
| 700 | _a Kant, Ravi | ||
| 700 | _a Khan, Iftikhar Ahmad | ||
| 942 | _cTB | ||
| 999 |
_c53365 _d53365 |
||